000 00523nam a2200157Ia 4500
003 LK-CoDNM
008 010623t xxu||||| |||| 00| 1 eng d
040 _aLK-CoDNM
_dLK-CoDNM
_eLK-CoDNM
041 _aeng
_asin
080 _a030.8
_bPAR
245 _aපාරිශාෂික ශබ්ද මාලාව භෞත වේදය හා ජෛව රසායනය
246 _aGlossary of Technical Terms : Physiology Biochemistry
260 _bDepartment of Education
300 _bviii,126p., 21 cm
942 _cBK
999 _c139226
_d139226